000 02035cam a2200169 4500500
005 20260111105812.0
041 _afre
042 _adc
100 1 0 _aAucante, Yohann
_eauthor
245 0 0 _aBruno Latour, Politiques de la nature. Comment faire entrer les sciences en démocratie, Paris, La Découverte, 1999.
260 _c2001.
500 _a49
520 _aRésumé Une analyse des causes de la défaite de la coalition de centre gauche aux élections italiennes de mai 2001 amène à penser que la victoire de l’alliance conservatrice, Polo delle Libertà, guidée par Silvio Berlusconi, ne peut pas offrir de solution stable à la crise du système politique italien qui a commencé, au début des années 1990, avec les procès pour corruption de Mani Pulite. Cette victoire va, au contraire, prolonger un état de confusion et d’instabilité des forces politiques et renforcer les principales faiblesses du système italien que sont l’absence d’une séparation claire entre sphères économique et politique et le déficit de responsabilité des acteurs politiques et gouvernementaux.
520 _aThe article analyses the causes of the defeat of the centre-left coalition at the Italian elections of May 2001 ; it suggests that the victory of the right-wing alliance ‘Polo delle Libertà’ led by Silvio Berlusconi does not offer a stable solution to the crisis that the Italian political system has experienced since the beginning of the 1990s, following the corruption trials of ‘Mani pulite’, but reproduces a paralysing state of confusion and instability of the political forces ; in particular it identifies the main weaknesses of the Italian system in the inadequate separation of economic and political spheres and in a lack of responsibility and accountability of political and governmental agents.
786 0 _nRaisons politiques | 3 | 3 | 2001-08-01 | p. 175b-189b | 1291-1941
856 4 1 _uhttps://shs.cairn.info/revue-raisons-politiques-2001-3-page-175b?lang=fr&redirect-ssocas=7080
999 _c1631478
_d1631478